Obscure Knowledge - NFL Teams Quiz Stats

 Plays Quiz Updated Nov 19, 2018

Score 0/32 Timer 02:00
6 Plays Today
Percent Guessed Team % Correct
94.8%???
99.3%
94.2%???
97.1%
93.8%???
96.6%
92.0%???
95.2%
91.3%???
94.5%
91.1%???
93.1%
89.6%???
92.4%
88.7%???
92%
88.4%???
91.2%
88.2%???
90.3%
87.2%???
89.8%
87.1%???
88.7%
86.7%???
87.7%
86.6%???
86.2%
86.5%???
84.7%
85.8%???
83.3%
Percent Guessed Team % Correct
85.7%???
79.1%
85.3%???
74.5%
84.9%???
73.7%
84.8%???
71.9%
84.4%???
71.1%
84.3%???
68.9%
83.9%???
65.6%
83.8%???
62%
83.3%???
61.1%
83.2%???
57.1%
82.3%???
54.8%
81.8%???
47.6%
81.5%???
37.2%
79.3%???
30.2%
78.9%???
25.9%
78.4%???
13.8%

You're not logged in!

Compare scores with friends on all Sporcle quizzes.
OR
Log In

You Might Also Like...

Show Comments

Extras

Top Quizzes Today


Score Distribution

Your Account Isn't Verified!

In order to create a playlist on Sporcle, you need to verify the email address you used during registration. Go to your Sporcle Settings to finish the process.

Report this User

Report this user for behavior that violates our Community Guidelines.

Details: